000 00891nam a2200289 i 4500
003 EG-GICUC
005 20260502093625.0
008 260502s1970 it ||||fr|||| 000 0 ita d
040 _aEG-GiCUC
_bita
_cEG-GiCUC
_dEG-GiCUC
_erda
082 0 4 _221
_a343.1221
_bLE . E
092 0 4 _221
099 _aLaw1 10 343.1221 LE . E 1970
100 1 _aLeone, Mauro
_eAuthor.
245 1 3 _aL'esimente Dell' Esercizio Di UN Diritto /
_cMauro Leone.
_b
_n
264 1 _aNapoli :
_bCasa Editrice Dott. Eugenio Jovene,
_c1970.
300 _a181pages :
_billustrations,
_c24 cm
336 _2rda content
_atext
337 _2rda media
_aComputer
338 _2rda carrier
_aOnline Resource
504 _a
546 _a Text in Italian
650 1 4 _aCriminal law
_2
651 1 _2
856 4 0 _uhttps://fll.law.cu.edu.eg/fulltext/bks/B10-10828.pdf
905 _a50
942 _2ddc
_cBK
_e21
_n0
999 _c74749
_d74749